000 00728nam a2200229 4500
003 OSt
005 20240716075130.0
006 a
008 240716b |||||||| |||| 00| 0 eng d
020 _a9789719159322
040 _aDWCL-Main lib.
_cOC
082 _2Tenth edition
_aCirc. 610.734 P976 2007
245 _aPublic health nursing in the Philippines /
250 _aTenth edition
260 _aS.l.:
_bPublications Committee, National League of the Philippine Government Nurses, Inc.,
_cc2007.
300 _b390 p. ;
_c24 cm.
650 _a1. Public health nursing.
650 _a2. Nursing.
650 _a3. Public health.
700 _aFrances Prescilla L. Cuevas
942 _2ddc
_n0
_cBK - FIL
_eTenth edition
_kFil.
999 _c2274
_d2274